The international economy

Αποθηκεύτηκε σε:
Λεπτομέρειες βιβλιογραφικής εγγραφής
Κύριος συγγραφέας: Young, John Parke
Μορφή: Βιβλίο
Γλώσσα:English
Δημοσίευση: New York : Ronald Press Company, c1951
Έκδοση:3rd ed.
Θέματα:
Ετικέτες: Προσθήκη ετικέτας
Δεν υπάρχουν, Καταχωρήστε ετικέτα πρώτοι!

MARC

LEADER 00000nam a2200000 i 4500
001 1/69493
008 990212s1951 eng d
035 |l 10047850 
040 |a GR-MY-UA  |b gre  |e aacr 
041 0 |a eng 
082 0 |a 337 
100 1 |a Young, John Parke. 
245 1 4 |a The international economy /  |c John Perke Young 
250 |a 3rd ed. 
260 |a New York :   |b Ronald Press Company,   |c c1951 
300 |a xvi, 813 p. 
504 |a Includes bibliography and index 
650 0 0 |a International economic relations. 
852 |a INST  |b CHIOS  |e 19990212  |h 337 YOU  |p 005200014864  |q 005200014864  |t BK  |y 0 
901 |a BIBL-1999-1 
909 |a Χ  |b 055346 
922 |a 2ΔΩΡ  |b 199902  |d ΛΕΜΟΝΙΑ